| 000 | 01311naa a2200397 c 4500 | ||
|---|---|---|---|
| 001 | 30362 | ||
| 003 | ES-MaCES | ||
| 005 | 20150929135531.0 | ||
| 008 | 971210n1997 sz ||| | spa d | ||
| 035 | _aCES19980043119v | ||
| 040 |
_aES-MaCES _bspa _cES-MaCES |
||
| 100 | 1 |
_aGrip, Andries de _914135 |
|
| 245 | 1 | 0 |
_aEmpleo atípico en la Unión Europea _cAndries de Grip, Jeroen Hoevenberg y Ed Willems |
| 504 | _aBibliografía | ||
| 650 | 4 |
_acuadros estadísticos _928890 |
|
| 650 | 4 |
_amodelo econométrico _929368 |
|
| 650 | 4 |
_ajuventud _928522 |
|
| 650 | 4 |
_amujeres _928657 |
|
| 650 | 4 |
_acomparación _928892 |
|
| 650 | 4 |
_a1983-1991 _931433 |
|
| 650 | 4 |
_adesempleo _928308 |
|
| 650 | 4 |
_amercado de trabajo _928292 |
|
| 650 | 4 |
_aflexibilidad del trabajo _930174 |
|
| 650 | 4 |
_aempleo temporal _929000 |
|
| 650 | 4 |
_aempleo a tiempo parcial _926772 |
|
| 650 | 4 |
_aempleo precario _930171 |
|
| 653 | 1 | 0 | _aRelaciones laborales-Empleo |
| 650 | 4 |
_929020 _apaís de la UE |
|
| 650 | 4 |
_926752 _aUE |
|
| 700 | 1 |
_aWillems, Ed _926290 |
|
| 700 | 1 |
_aHoevenberg, Jeroen _914904 |
|
| 773 | 0 |
_tRevista internacional del trabajo _gGinebra. - Vol. 116, n. 1 (1997) ; p. 55-78 _w(ES-MaCES)25390 |
|
| 902 | _aART Artículo de revista | ||
| 942 |
_2CES _cAR _h2.0. |
||
| 999 |
_c30362 _d30362 |
||